00606nam a2200157 a 450000100100000000500170001000800410002704000250006810000500009324501120014326000430025530000190029804900090031795201050032699900170043100002971220200930055740.0110425s1984 dr 000 0 spa d aDO-SdBNPbspacBNPHU1 aGonzález Núñez, Juan Arístides92517510aVersos en homenaje a los pequeños limpiabotas de mi pueblo Moca /cJuan Arístides González Núñez. aSanto Domingo :bEditora Angel,c1984. a4 p. ;c22 cm. aBNPD 0010718PDaPDbPDcCTd2011-04-25iLF1l0o p29712-10r2020-06-25w2020-06-25yLFPDZNo se presta c29204d29204